<?xml version="1.0" encoding="UTF-8"?>
<record
    xmlns:xsi="http://www.w3.org/2001/XMLSchema-instance"
    xsi:schemaLocation="http://www.loc.gov/MARC21/slim http://www.loc.gov/standards/marcxml/schema/MARC21slim.xsd"
    xmlns="http://www.loc.gov/MARC21/slim">

  <leader>03133nam a22002537a 4500</leader>
  <controlfield tag="003">OSt</controlfield>
  <controlfield tag="005">20240827135216.0</controlfield>
  <controlfield tag="008">240826b           ||||| |||| 00| 0 eng d</controlfield>
  <datafield tag="020" ind1=" " ind2=" ">
    <subfield code="a">9780323341363</subfield>
  </datafield>
  <datafield tag="040" ind1=" " ind2=" ">
    <subfield code="c">LC</subfield>
  </datafield>
  <datafield tag="050" ind1=" " ind2=" ">
    <subfield code="a">RM161.Eg1 (11e)</subfield>
  </datafield>
  <datafield tag="100" ind1=" " ind2=" ">
    <subfield code="a">Kacmarek, Robert M. ,</subfield>
    <subfield code="9">3158</subfield>
  </datafield>
  <datafield tag="245" ind1=" " ind2=" ">
    <subfield code="a">Egan's fundamentals of respiratory care. /</subfield>
    <subfield code="c">[edited by] Robert M. Kacmarek, James K. Stoller, Albert J. Heuer.</subfield>
  </datafield>
  <datafield tag="250" ind1=" " ind2=" ">
    <subfield code="a">11th ed.</subfield>
  </datafield>
  <datafield tag="260" ind1=" " ind2=" ">
    <subfield code="a">St. Louis, Missouri :</subfield>
    <subfield code="b">Elsevier,</subfield>
    <subfield code="c">[2017].</subfield>
  </datafield>
  <datafield tag="300" ind1=" " ind2=" ">
    <subfield code="a">xiv, 1372 p. ;</subfield>
    <subfield code="b">ill, </subfield>
  </datafield>
  <datafield tag="500" ind1=" " ind2=" ">
    <subfield code="a">Contents : includes bibliograhical refernces and index</subfield>
  </datafield>
  <datafield tag="505" ind1=" " ind2=" ">
    <subfield code="a">Contents : Foundations of respiratory care -- History of respiratory care -- Delivering evidence - based respiratory care -- Quality, patient safety, communication, and recordkeeping -- Principles of infection prevention and control -- Ethical and legal implications of Practice -- E-medicine in respiratory care -- fundamentals of respiratory care research -- Applied anatomy and physiology -- The respiratory system -- The cardiovascular system -- Ventilation -- Gas exchange and transport -- Solutions, body fluids, and electrolytes -- Acid-base balance -- Regulation of breathing -- Assessment of respiratory disorders -- Bedside assessment of the patient -- Interpreting clinical and laboratory data -- Interpreting the electrocardiogram -- Analysis and monitoring of gas exchange -- Pulmonary function testing -- Review of thoracic imaging -- Flexible bronchoscopy and the respiratory therapist -- Nutrition assessment -- Review of cardiopulmonary disease -- Pulmonary infections -- Obstructive lung disease:chronic obstructive pulmonary disease, asthma, and related disease -- Interstitial lung disease -- Pleural disease -- Pulmonary vascular disease -- Acute respiratory distress syndrome -- Respiratory management of trauma, obesity, near drowning, and burns -- Lung cancer -- Neuromuscular and other disease of the chest wall -- Disorders of sleep -- Neonatal and pediatric respiratory disorders -- Basic therapeutics -- Airway pharmacology -- Airway management -- Emergency cardiovascular life support -- Humidity and bland aerosol therapy -- Aerosol drug therapy -- Storage and delivery of medical gases -- Medical gases -- Lung expansion therapy -- Airway clearance therapy -- Acute and critical care -- Respiratory failure and the need for ventilatory support -- Mechanical ventilators -- Physiology of ventilatory support -- Patient-ventilator interactions -- Initiating and adjusting invasive ventilatory support -- Noninvasive ventilation -- Extracorporeal life support -- Monitoring the patient in the intensive care unit -- Discontinuing ventilatory support -- Neonatal and pediatric respiratory care -- Patient education and long-term care -- Patient education and health promotion -- Cardiopulmonary rehabilitation -- Respiratory care in alternative settings -- </subfield>
  </datafield>
  <datafield tag="600" ind1=" " ind2=" ">
    <subfield code="v">Respiratory therapy-methods </subfield>
    <subfield code="v">  Respiratort tract diseases-therapy </subfield>
    <subfield code="9">3159</subfield>
  </datafield>
  <datafield tag="700" ind1=" " ind2=" ">
    <subfield code="a">Kacmarek, Robert M.</subfield>
    <subfield code="9">3160</subfield>
  </datafield>
  <datafield tag="700" ind1=" " ind2=" ">
    <subfield code="a">Stoller, James K.</subfield>
    <subfield code="9">3161</subfield>
  </datafield>
  <datafield tag="700" ind1=" " ind2=" ">
    <subfield code="a">Heuer, Albert J.</subfield>
    <subfield code="9">3162</subfield>
  </datafield>
  <datafield tag="942" ind1=" " ind2=" ">
    <subfield code="2">lcc</subfield>
    <subfield code="c">BK</subfield>
  </datafield>
  <datafield tag="999" ind1=" " ind2=" ">
    <subfield code="c">10427</subfield>
    <subfield code="d">17927</subfield>
  </datafield>
  <datafield tag="952" ind1=" " ind2=" ">
    <subfield code="0">0</subfield>
    <subfield code="1">0</subfield>
    <subfield code="2">lcc</subfield>
    <subfield code="4">0</subfield>
    <subfield code="7">0</subfield>
    <subfield code="a">WIUC-KL</subfield>
    <subfield code="b">WIUC-KL</subfield>
    <subfield code="c">NURS L.</subfield>
    <subfield code="d">2024-08-21</subfield>
    <subfield code="o">RM161.E37 (11e)</subfield>
    <subfield code="p">KSN/1456/197/24</subfield>
    <subfield code="r">2024-08-26 00:00:00</subfield>
    <subfield code="t">1</subfield>
    <subfield code="w">2024-08-26</subfield>
    <subfield code="y">BK</subfield>
  </datafield>
  <datafield tag="952" ind1=" " ind2=" ">
    <subfield code="0">0</subfield>
    <subfield code="1">0</subfield>
    <subfield code="2">lcc</subfield>
    <subfield code="4">0</subfield>
    <subfield code="7">0</subfield>
    <subfield code="a">WIUC-KL</subfield>
    <subfield code="b">WIUC-KL</subfield>
    <subfield code="c">NURS L.</subfield>
    <subfield code="d">2024-08-21</subfield>
    <subfield code="o">RM161.E371 (11e)</subfield>
    <subfield code="p">KSN/1457/198/24</subfield>
    <subfield code="r">2024-08-26 00:00:00</subfield>
    <subfield code="t">2</subfield>
    <subfield code="w">2024-08-26</subfield>
    <subfield code="y">BK</subfield>
  </datafield>
  <datafield tag="952" ind1=" " ind2=" ">
    <subfield code="0">0</subfield>
    <subfield code="1">0</subfield>
    <subfield code="2">lcc</subfield>
    <subfield code="4">0</subfield>
    <subfield code="7">0</subfield>
    <subfield code="a">WIUC-KL</subfield>
    <subfield code="b">WIUC-KL</subfield>
    <subfield code="c">NURS L.</subfield>
    <subfield code="d">2024-08-21</subfield>
    <subfield code="o">RM161.E372(11e)</subfield>
    <subfield code="p">KSN/1458/199/24</subfield>
    <subfield code="r">2024-08-26 00:00:00</subfield>
    <subfield code="t">3</subfield>
    <subfield code="w">2024-08-26</subfield>
    <subfield code="y">BK</subfield>
  </datafield>
  <datafield tag="952" ind1=" " ind2=" ">
    <subfield code="0">0</subfield>
    <subfield code="1">0</subfield>
    <subfield code="2">lcc</subfield>
    <subfield code="4">0</subfield>
    <subfield code="7">0</subfield>
    <subfield code="a">WIUC-KL</subfield>
    <subfield code="b">WIUC-KL</subfield>
    <subfield code="c">NURS L.</subfield>
    <subfield code="d">2024-08-21</subfield>
    <subfield code="o">RM161.E373 (11e)</subfield>
    <subfield code="p">KSN/1459/200/24</subfield>
    <subfield code="r">2024-08-26 00:00:00</subfield>
    <subfield code="t">4</subfield>
    <subfield code="w">2024-08-26</subfield>
    <subfield code="y">BK</subfield>
  </datafield>
  <datafield tag="952" ind1=" " ind2=" ">
    <subfield code="0">0</subfield>
    <subfield code="1">0</subfield>
    <subfield code="2">lcc</subfield>
    <subfield code="4">0</subfield>
    <subfield code="7">0</subfield>
    <subfield code="a">WIUC-KL</subfield>
    <subfield code="b">WIUC-KL</subfield>
    <subfield code="c">NURS L.</subfield>
    <subfield code="d">2024-08-21</subfield>
    <subfield code="o">RM161.E374 (11e)</subfield>
    <subfield code="p">KSN/1460/201/24</subfield>
    <subfield code="r">2024-08-26 00:00:00</subfield>
    <subfield code="t">5</subfield>
    <subfield code="w">2024-08-26</subfield>
    <subfield code="y">BK</subfield>
  </datafield>
  <datafield tag="952" ind1=" " ind2=" ">
    <subfield code="0">0</subfield>
    <subfield code="1">0</subfield>
    <subfield code="2">lcc</subfield>
    <subfield code="4">0</subfield>
    <subfield code="7">0</subfield>
    <subfield code="a">WIUC-KL</subfield>
    <subfield code="b">WIUC-KL</subfield>
    <subfield code="c">NURS L.</subfield>
    <subfield code="d">2024-08-21</subfield>
    <subfield code="o">RM161.E375 (11e)</subfield>
    <subfield code="p">KSN/1461/202/24</subfield>
    <subfield code="r">2024-08-26 00:00:00</subfield>
    <subfield code="t">6</subfield>
    <subfield code="w">2024-08-26</subfield>
    <subfield code="y">BK</subfield>
  </datafield>
</record>
